New York City-Newark Largest Cities - Statistics

General Stats
  • This quiz has been taken 67 times
  • The average score is 6 of 15
Answer Stats
Population City % Correct
277,000 Newark
97%
8,700,000 New York City
97%
247,000 Jersey City
77%
195,000 Yonkers
72%
146,000 Paterson
49%
760,000 Hempstead
34%
144,000 Bridgeport
30%
129,000 New Haven
25%
335,000 Islip
21%
226,000 North Hempstead
11%
213,000 Babylon
10%
203,000 Huntington
10%
293,000 Oyster Bay
8%
119,000 Allentown
7%
486,000 Brookhaven
5%
No matching quizzes found
Score Distribution
Percent of People with Each Score
Percentile by Number Answered
Your Score History
You have not taken this quiz